Statistics for Countries With Same Name As Capital City

Click here to take the quiz!

General Stats

  • This quiz has been taken 67 times
  • The average score is 8 of 10

Answer Stats

CapitalCountry% Correct
___ cityGuatemala
93%
___ cityVatican City
89%
___ cityMexico
85%
___ cityKuwait
84%
___ cityPanama
84%
___San Marino
82%
___ cityLuxembourg
76%
___Monaco
75%
___Singapore
75%
___ cityDjibouti
65%

Score Distribution

Percentile by Number Answered

Percent of People with Each Score

Your Score History

You have not taken this quiz